000 03341nam a22003977a 4500
005 20100106134516.0
010 _a B-349623-627 B-436063-067
020 _c20.00
_a9788182639782
035 _a B-349623-627
035 _aB-436063-067
037 _bप्रथम बुक्स
037 _b ब्लयूबेरी बुक्स
082 _a
100 _a
_931960
245 _aहरी भरीः वारली लोक कथा /
_cबेनीता सेन द्वारा पुनर्लखन; राजीव वर्मा द्वारा चित्रांकित ;मनीषा चौधरी द्वारा अनुदित
246 _a Hari bhari : varli lok kath
_b
260 _aनई दिल्ली
_bप्रथम बुक्स
_c2007
270 _bनई दिल्ली
_k011-65684113
_l
_mwww.prathambooks.org
300 _aअ.पृ.;
_c21सेमी (अजिल्द)
_bसचित्र
490 _a
_931961
500 _a
700 _a चौधरी, मनीषा
_931407
942 _2ddc
_cCH
_mहरीभ
_h
999 _c21881
_d21881